From jhuming to tapping (Record no. 74698)

MARC details
000 -LEADER
fixed length control field 00274nam a22001097a 4500
082 ## - DEWEY DECIMAL CLASSIFICATION NUMBER
Classification number NR:62
Item number BHA
100 ## - MAIN ENTRY--AUTHOR NAME
Personal name BHATTACHARYA, S.
245 ## - TITLE STATEMENT
Title From jhuming to tapping
260 ## - PUBLICATION, DISTRIBUTION, ETC. (IMPRINT)
Place of publication Agartala
Name of publisher Directorate of Research, Government of Tripura
Year of publication 1992
300 ## - PHYSICAL DESCRIPTION
Number of Pages 85p.
942 ## - ADDED ENTRY ELEMENTS (KOHA)
Koha item type Books
Holdings
Withdrawn status Lost status Damaged status Not for loan Home library Current library Date acquired Full call number Accession Number Koha item type
        RRII Library RRII Library 21/06/2022 NR:62 BHA G01666 Books